000 01232nam a22002775i 4500
001 154870
003 ES-MaACL
005 20240229062726.0
008 990701s1892 sp |||| | spa d
040 _aGA
_bspa
_cCCPB | 3D
245 0 4 _aLos Guerrilleros gallegos de 1809
_b: cartas y relaciones escritas por testigos oculares /
_cpublicadas en los años de 1809 y 1810 por D. Manuel Pardo de Andrade ; y reimpresas por A.M.S.
260 _aLa Coruña :
_bAndrés Martínez,
_c1892 (
_fTipografía de la Casa de Misericordia)
300 _a2 v. ;
_c19 cm.
490 1 _aBiblioteca gallega ;
_v30, 32
530 _aDisponible en formato digital.
597 _aV. I: ([14], 234) -- v. II: (VIII, 192 p.)
650 4 _aGuerrilleros-
_zGalicia-
_vHistoria.
_9157911
651 4 _aGalicia-
_xHistoria-
_yS.XIX.
_98733
651 4 _aEspaña-
_xHistoria-
_y1808-1814, Guerra de la Independencia
_98244
700 2 1 _aMartínez Salazar, Andrés.
_978401
700 1 _aPardo de Andrade, Manuel.
_9130834
830 0 _aBiblioteca gallega ;
_v30, 32
_9180864
852 _aES-MaACL
_jG-8499-8500
_z-- Enc. hol.
856 _uhttp://bdh-rd.bne.es/viewer.vm?id=0000174034&page=1
_zBiblioteca Digital Hispánica
999 _c154870
_d154870